La sinagoga cristiana

Gespeichert in:
Bibliographische Detailangaben
1. Verfasser: Torrents, José Montserrat (VerfasserIn)
Format: Buch
Sprache:Spanisch
Veröffentlicht: Madrid Trotta 2005
Schriftenreihe:Colección Estructuras y Procesos. Serie Religión
Schlagworte:
Tags: Tag hinzufügen
Keine Tags, Fügen Sie den ersten Tag hinzu!

MARC

LEADER 00000nam a2200000 a 4500
001 UCJ0822
003 CL-VaPUC
008 060908e20050000SP |||||||||||||||||spa|d
020 |a 8481647543 
082 0 4 |a 270  |b TOR  |2 21 
100 0 |a Torrents, José Montserrat  |e author  |9 501197 
245 1 3 |a La sinagoga cristiana 
300 |a 380 p 
942 |c BK 
945 |d 20060908 00:00:00  |a jtorresc 
260 |a Madrid  |b Trotta  |c 2005 
500 |a www.trotta.es 
650 0 |a Judaísmo  |9 269348 
650 0 |a Cristianismo  |9 257361 
650 7 |a JUDAISMO TEOLOGIA CRISTIANA  |2 CL-VaPUC  |9 322071 
583 |a last modification  |c 20140409 02:52:50  |k Rodrigo Vera 
490 0 |a Colección Estructuras y Procesos. Serie Religión 
999 |c 317576  |d 317574 
952 |0 0  |1 0  |4 0  |6 270_000000000000000_TOR_2005  |7 0  |8 A  |9 394120  |a BIBHIS  |b BIBHIS  |d 2019-11-22  |i 4257286  |o 270 TOR 2005  |p 4257286  |r 2025-01-20  |w 2019-11-22  |y BK  |k HIS